00462nam a2200109Ia 4500008004100000050002200041100002200063245014900085260008600234300002000320521001200340140724s9999 xx 000 0 und d aRT 98b.C383 2013 aCawili, Klaudeen. aNote taking and the academic achievement of Southville International School and Colleges Bachelor of Science in Nursing 2013 /cKlaudeen Cawili. aLas Piñas, Philippines :bSouthville International School and Colleges,cc2013. a70 p. :c28 cm. aNursing